Panchayati raj finances in Madhya Pradesh / (Record no. 67626)

MARC details
000 -LEADER
fixed length control field 00438nam a22001457a 4500
005 - DATE AND TIME OF LATEST TRANSACTION
control field 20180723152726.0
020 ## - INTERNATIONAL STANDARD BOOK NUMBER
International Standard Book Number 8180690628
Terms of availability 300.00
035 ## - SYSTEM CONTROL NUMBER
System control number B-167429, B-167428
037 ## - SOURCE OF ACQUISITION
Stock number DPL
Source of stock number/acquisition ENG
100 ## - MAIN ENTRY--PERSONAL NAME
Personal name Singh. S.K.
245 ## - TITLE STATEMENT
Title Panchayati raj finances in Madhya Pradesh /
Statement of responsibility, etc by S.K. Singh
260 ## - PUBLICATION, DISTRIBUTION, ETC. (IMPRINT)
Place of publication, distribution, etc New Delhi
Name of publisher, distributor, etc Concept Publishing Company
Date of publication, distribution, etc 2004
300 ## - PHYSICAL DESCRIPTION
Extent xiv, 162p.
Dimensions 20 cms.
942 ## - ADDED ENTRY ELEMENTS (KOHA)
Source of classification or shelving scheme Dewey Decimal Classification
Item type English Books
Classification part 352.0072
Call number suffix SIN
Holdings
Withdrawn status Lost status Not for loan Collection code Home library Current library Date acquired Cost, normal purchase price Full call number Barcode Cost, replacement price Koha item type Source of acquisition
      Non-fiction Patel Nagar Patel Nagar 23/07/2018 300.00 352.0072 SIN B-167428 300.00 English Books BPPD/PUB
      Non-fiction Sarojini Nagar Sarojini Nagar 07/06/2012 300.00 352.0072 SIN B-167429 300.00 English Books  

© Delhi Public Library
Hit Counter
free hit counter